Песня о Земле и Хлебе: стихи русских и советских поэтов

Бібліографічні деталі
Інші автори: Дементьев В. Вадим (составитель), Носков В. (иллюстратор)
Мова:Російська
Опубліковано: Москва, Молодая гвардия, 1986
Предмети:
Формат: Книга
KOHA link:https://koha.lib.tpu.ru/cgi-bin/koha/opac-detail.pl?biblionumber=166673

MARC

LEADER 00000nam0a2200000 4500
001 166673
005 20231031162541.0
020 |a RU  |b 86-13441 
035 |a (RuTPU)RU\TPU\book\180786 
090 |a 166673 
100 |a 20091006d1986 m y0rusy5003 ca 
101 0 |a rus 
102 |a RU 
105 |a a z 000ay 
200 1 |a Песня о Земле и Хлебе  |e стихи русских и советских поэтов  |f сост. и авт. предисл. В. Дементьев ; худож. В. Носков 
210 |a Москва  |c Молодая гвардия  |d 1986 
215 |a 365,[1] с.  |c ил.  |d 27 см 
610 1 |a русская поэзия 
610 1 |a советская литература 
610 1 |a антология 
610 1 |a стихи 
675 |a 8-8  |z rus 
702 1 |a Дементьев  |b В.  |g Вадим  |4 220 
702 1 |a Носков  |b В.  |4 440 
801 0 |a RU  |b RuMRKP  |c 19950704  |g psbo 
801 1 |a RU  |b 63413507  |c 20091006 
801 2 |a RU  |b 63413507  |c 20091006  |g RCR 
942 |c BK